Score 0/18 Timer 06:00
2 Plays Today
Begins With Character % Correct
TTARZAN
97%
IIAGO
85.3%
HHARRY POTTER
78.5%
SSHERLOCK HOLMES
78.2%
TTOM SAWYER
74.9%
CCOUNT DRACULA
72.9%
CCAPTAIN AHAB
72.2%
AATTICUS FINCH
71%
EEBENEZER SCROOGE
66%
Begins With Character % Correct
AANNA KARENINA
63.8%
AAUGIE MARCH
63.5%
RRHETT BUTLER
61.8%
LLEOPOLD BLOOM
58.8%
RROMEO MONTAGUE
53.7%
RRAMONA QUIMBY
48.5%
EEMMA BOVARY
45%
YYOSSARIAN
18.8%
RRASKOLNIKOV
14.3%
Remove Ads.
Support Sporcle.
Get the best of Sporcle when you Go Orange. This ad-free experience offers more features, more stats, and more fun while also helping to support Sporcle. Thank you for becoming a member.

You're not logged in!

Compare scores with friends on all Sporcle quizzes.
OR
Log In

Show Comments

Extras

Top Quizzes Today


Score Distribution

Your Account Isn't Verified!

In order to create a playlist on Sporcle, you need to verify the email address you used during registration. Go to your Sporcle Settings to finish the process.

Report this User

Report this user for behavior that violates our Community Guidelines.

Details: